[Event "World Senior Team ch 1st"]
[Site "Port Erin IOM"]
[Date "2004.10.05"]
[Round "1.1"]
[White "Littlewood, John E"]
[Black "Heyns, Anthon"]
[Result "1/2-1/2"]
[WhiteElo "2308"]
[BlackElo "2010"]
[PlyCount "61"]
[EventDate "2004.10.05"]
[EventType "team-swiss"]
[EventRounds "8"]
[EventCountry "ENG"]
[SourceDate "2014.04.29"]
[WhiteTeam "England"]
[BlackTeam "South Africa"]
[WhiteTeamCountry "ENG"]
[BlackTeamCountry "RSA"]

1. e4 e5 2. Nf3 d6 3. d4 exd4 4. Nxd4 g6 5. Nc3 Bg7 6. Be3 Nf6 7. Qd2 O-O 8.
O-O-O Re8 9. f3 Nc6 10. g4 a6 11. h4 Nxd4 12. Bxd4 Be6 13. h5 b5 14. hxg6 fxg6
15. Nd5 Bxd5 16. exd5 Qe7 17. g5 Nd7 18. Bh3 Nf8 19. Rde1 Qf7 20. Be6 Nxe6 21.
dxe6 Rxe6 22. Rxe6 Qxe6 23. Bxg7 Kxg7 24. Qc3+ Kg8 25. Qxc7 Qf7 26. Qxd6 Qxa2
27. b3 Qa1+ 28. Kd2 Qa5+ 29. Kc1 Qa1+ 30. Kd2 Qa5+ 31. Kc1 1/2-1/2

[Event "World Senior Team ch 1st"]
[Site "Port Erin IOM"]
[Date "2004.10.05"]
[Round "1.1"]
[White "Murey, Jacob"]
[Black "Howson, Jim"]
[Result "1-0"]
[WhiteElo "2450"]
[BlackElo "2000"]
[PlyCount "73"]
[EventDate "2004.10.05"]
[EventType "team-swiss"]
[EventRounds "8"]
[EventCountry "ENG"]
[SourceDate "2014.04.29"]
[WhiteTeam "Israel"]
[BlackTeam "Essex"]
[WhiteTeamCountry "ISR"]
[BlackTeamCountry "ENG"]

1. c4 d6 2. d4 Nf6 3. Nc3 e5 4. Nf3 exd4 5. Nxd4 Nc6 6. Nxc6 bxc6 7. g3 Bd7 8.
Bg2 Rb8 9. Qa4 Rb6 10. Qxa7 Be7 11. Qa4 Qb8 12. Qc2 O-O 13. O-O Be6 14. b3 Nd7
15. e4 Bf6 16. Be3 c5 17. f4 Bxc3 18. Qxc3 f6 19. h3 Ra6 20. g4 Qb4 21. Qd3 Qb8
22. Rf2 Rb6 23. Bd2 Qa7 24. Bc3 Rbb8 25. Raf1 Rbd8 26. Qg3 g5 27. fxg5 fxg5 28.
h4 Rxf2 29. Rxf2 Rf8 30. hxg5 Qb8 31. g6 hxg6 32. Qh4 Rxf2 33. Qh8+ Kf7 34.
Qg7+ Ke8 35. Kxf2 Nf8 36. Bf6 Bf7 37. e5 1-0

[Event "World Senior Team ch 1st"]
[Site "Port Erin IOM"]
[Date "2004.10.05"]
[Round "1.1"]
[White "Wade, Robert G"]
[Black "Reuben, Stewart"]
[Result "1/2-1/2"]
[WhiteElo "2174"]
[BlackElo "2150"]
[PlyCount "77"]
[EventDate "2004.10.05"]
[EventType "team-swiss"]
[EventRounds "8"]
[EventCountry "ENG"]
[SourceDate "2014.04.29"]
[WhiteTeam "England II"]
[BlackTeam "Black and White Magazine"]
[WhiteTeamCountry "ENG"]
[BlackTeamCountry "IND"]

1. e4 c5 2. b3 Nc6 3. Bb2 d6 4. Bb5 Bd7 5. f4 Nf6 6. Qe2 Nd4 7. Bxd4 cxd4 8.
Nf3 Qb6 9. Na3 Qc5 10. Bxd7+ Nxd7 11. Nc4 b5 12. Na5 Qb6 13. b4 g6 14. d3 Bg7
15. O-O O-O 16. e5 dxe5 17. Nxe5 Nxe5 18. fxe5 Rac8 19. a4 bxa4 20. Nc4 Qxb4
21. Rfb1 Qc5 22. Rxa4 Rb8 23. Rba1 Rb7 24. Qe4 Rfb8 25. Ra5 Rb1+ 26. Rxb1 Rxb1+
27. Kf2 Qb4 28. Rxa7 Bh6 29. Qxd4 Qe1+ 30. Kf3 Qd1+ 31. Kg3 Qe1+ 32. Kh3 Bg5
33. Ra8+ Kg7 34. e6+ Bf6 35. exf7 Kxf7 36. Qe4 Qxe4 37. dxe4 Re1 38. Ra4 Re2
39. Nb6 1/2-1/2

[Event "World Senior Team ch 1st"]
[Site "Port Erin IOM"]
[Date "2004.10.05"]
[Round "1.1"]
[White "Wilson, Peter"]
[Black "Korchnoi, Viktor"]
[Result "0-1"]
[WhiteElo "2169"]
[BlackElo "2601"]
[PlyCount "60"]
[EventDate "2004.10.05"]
[EventType "team-swiss"]
[EventRounds "8"]
[EventCountry "ENG"]
[SourceDate "2014.04.29"]
[WhiteTeam "Britain 3"]
[BlackTeam "Switzerland"]
[WhiteTeamCountry "GBR"]
[BlackTeamCountry "SUI"]

1. f4 Nf6 2. e3 g6 3. d4 Bg7 4. Nf3 d6 5. Bd3 c5 6. c3 Nc6 7. O-O O-O 8. Qe1 e5
9. fxe5 dxe5 10. Qh4 exd4 11. exd4 cxd4 12. Bb5 Ng4 13. Qxd8 Rxd8 14. Bxc6 dxc3
15. Bxb7 cxb2 16. Bxb2 Bxb2 17. Bxa8 Bxa1 18. Nbd2 Bg7 19. Bc6 Bh6 20. Nb3 Be3+
21. Kh1 Nf2+ 22. Kg1 Nd3+ 23. Kh1 Ba6 24. Rb1 Rd6 25. Ba8 Nc1 26. Nfd2 Nxa2 27.
Rb2 Nb4 28. Bf3 Nd3 29. Ra2 Nf2+ 30. Kg1 Ne4+ 0-1

[Event "World Senior Team ch 1st"]
[Site "Port Erin IOM"]
[Date "2004.10.05"]
[Round "1.1"]
[White "Zaric, Srboljub"]
[Black "Uhlmann, Wolfgang"]
[Result "1/2-1/2"]
[WhiteElo "2230"]
[BlackElo "2406"]
[PlyCount "69"]
[EventDate "2004.10.05"]
[EventType "team-swiss"]
[EventRounds "8"]
[EventCountry "ENG"]
[SourceDate "2014.04.29"]
[WhiteTeam "Australia"]
[BlackTeam "Germany"]
[WhiteTeamCountry "AUS"]
[BlackTeamCountry "GER"]

1. e4 e6 2. d4 d5 3. Nd2 c5 4. exd5 exd5 5. Bb5+ Nc6 6. Ngf3 Bd6 7. O-O cxd4 8.
Nb3 Nge7 9. Nbxd4 O-O 10. Nxc6 bxc6 11. Bd3 h6 12. h3 Nf5 13. Re1 Qf6 14. c3
Bd7 15. Bd2 c5 16. Qc2 Bc7 17. Rad1 Rfe8 18. Rxe8+ Rxe8 19. Re1 Rxe1+ 20. Bxe1
c4 21. Be2 Bb6 22. Qd2 Qe6 23. Kf1 g5 24. Bd1 Nd6 25. Bc2 Ne4 26. Qe2 f5 27.
Nd4 Bxd4 28. cxd4 f4 29. f3 Nd6 30. Bb4 Qf6 31. Bc5 Nf5 32. Bxf5 Bxf5 33. Kf2
a6 34. Qe8+ Kh7 35. Qe7+ 1/2-1/2

[Event "World Senior Team ch 1st"]
[Site "Port Erin IOM"]
[Date "2004.10.05"]
[Round "1.2"]
[White "Barlocco, Carlo"]
[Black "Nicolson, Jim"]
[Result "1-0"]
[WhiteElo "2108"]
[BlackElo "1648"]
[PlyCount "53"]
[EventDate "2004.10.05"]
[EventType "team-swiss"]
[EventRounds "8"]
[EventCountry "ENG"]
[SourceDate "2014.04.29"]
[WhiteTeam "Italy"]
[BlackTeam "Chessmann"]
[WhiteTeamCountry "ITA"]
[BlackTeamCountry "IOM"]

1. d4 Nf6 2. Nc3 g6 3. e4 d6 4. Be2 Bg7 5. h4 h5 6. Nf3 Nbd7 7. e5 dxe5 8. dxe5
Ng4 9. e6 fxe6 10. Qd3 Bxc3+ 11. bxc3 Nge5 12. Nxe5 Nxe5 13. Qg3 Qd5 14. Bf4
Nf7 15. Qxg6 Qf5 16. Qxf5 exf5 17. Bxc7 Bd7 18. Bf4 O-O-O 19. O-O-O Bc6 20. Bc4
Nd6 21. Be6+ Bd7 22. Rhe1 Bxe6 23. Bxd6 Rxd6 24. Rxd6 exd6 25. Rxe6 Kd7 26. Rf6
Rc8 27. Rxf5 1-0

[Event "World Senior Team ch 1st"]
[Site "Port Erin IOM"]
[Date "2004.10.05"]
[Round "1.2"]
[White "Ellison, D George"]
[Black "Tseitlin, Mark"]
[Result "1/2-1/2"]
[WhiteElo "2097"]
[BlackElo "2406"]
[PlyCount "49"]
[EventDate "2004.10.05"]
[EventType "team-swiss"]
[EventRounds "8"]
[EventCountry "ENG"]
[SourceDate "2014.04.29"]
[WhiteTeam "Essex"]
[BlackTeam "Israel"]
[WhiteTeamCountry "ENG"]
[BlackTeamCountry "ISR"]

1. e4 c5 2. Nf3 Nc6 3. d4 cxd4 4. Nxd4 Nf6 5. Nc3 d6 6. Bg5 e6 7. Qd2 a6 8.
O-O-O Bd7 9. Be2 Rc8 10. f4 Be7 11. Rhf1 O-O 12. Nf3 Qa5 13. e5 dxe5 14. fxe5
Nxe5 15. Nxe5 Qxe5 16. Bxf6 Bxf6 17. Qxd7 Rxc3 18. bxc3 Qxe2 19. Rxf6 gxf6 20.
Rd3 Qh5 21. Qe7 Qh6+ 22. Kb2 Kh8 23. Rh3 Qg7 24. Rg3 Qh6 25. Rh3 1/2-1/2

[Event "World Senior Team ch 1st"]
[Site "Port Erin IOM"]
[Date "2004.10.05"]
[Round "1.2"]
[White "Price, Eddie"]
[Black "James, Geoffrey H"]
[Result "0-1"]
[WhiteElo "1880"]
[BlackElo "2224"]
[PlyCount "40"]
[EventDate "2004.10.05"]
[EventType "team-swiss"]
[EventRounds "8"]
[EventCountry "ENG"]
[SourceDate "2014.04.29"]
[WhiteTeam "South Africa"]
[BlackTeam "England"]
[WhiteTeamCountry "RSA"]
[BlackTeamCountry "ENG"]

1. g3 e5 2. Bg2 Nf6 3. c4 Nc6 4. Nc3 Bb4 5. a3 Bxc3 6. bxc3 d6 7. d3 O-O 8. e4
Be6 9. Ne2 Qd7 10. O-O Ne8 11. f4 f5 12. Qa4 Nf6 13. Rb1 fxe4 14. Rxb7 Nd4 15.
Qxd7 Nxe2+ 16. Kf2 Bxd7 17. Rxc7 Nxc1 18. Bxe4 Nxe4+ 19. dxe4 Nd3+ 20. Ke2 Nc5
0-1

[Event "World Senior Team ch 1st"]
[Site "Port Erin IOM"]
[Date "2004.10.05"]
[Round "1.2"]
[White "Sotter, Gerlinde"]
[Black "Farrand, Julian"]
[Result "0-1"]
[WhiteElo "1600"]
[BlackElo "2205"]
[PlyCount "84"]
[EventDate "2004.10.05"]
[EventType "team-swiss"]
[EventRounds "8"]
[EventCountry "ENG"]
[SourceDate "2014.04.29"]
[WhiteTeam "Black and White Magazine"]
[BlackTeam "England II"]
[WhiteTeamCountry "IND"]
[BlackTeamCountry "ENG"]

1. Nf3 g6 2. d4 Bg7 3. c4 d6 4. Nc3 Nd7 5. e4 e5 6. Be3 Ne7 7. dxe5 dxe5 8. Qc2
c6 9. Be2 Qc7 10. O-O O-O 11. Rad1 h6 12. Nd2 Nf6 13. h3 g5 14. c5 b5 15. cxb6
axb6 16. Bc4 Ng6 17. Bb3 Nf4 18. Bxf4 exf4 19. Nd5 Nxd5 20. Bxd5 Ba6 21. Rfe1
Rac8 22. Bc4 Bb7 23. Nf3 b5 24. Bd3 Qa5 25. b3 c5 26. Qe2 Rfe8 27. Rc1 Bc3 28.
Red1 b4 29. Bb1 Qa8 30. Nd2 Rcd8 31. f3 Bd4+ 32. Kh2 Be3 33. Rc2 h5 34. Nc4 Ba6
35. Qe1 Bxc4 36. Rxc4 Rxd1 37. Qxd1 Rd8 38. Qf1 Rd7 39. e5 Qd8 40. Bc2 Rd2 41.
Qb1 g4 42. e6 Qh4 0-1

[Event "World Senior Team ch 1st"]
[Site "Port Erin IOM"]
[Date "2004.10.05"]
[Round "1.2"]
[White "Vucenovic, Dragomir"]
[Black "Flockhart, Hugh"]
[Result "1/2-1/2"]
[WhiteElo "2302"]
[BlackElo "1926"]
[PlyCount "76"]
[EventDate "2004.10.05"]
[EventType "team-swiss"]
[EventRounds "8"]
[EventCountry "ENG"]
[SourceDate "2014.04.29"]
[WhiteTeam "Switzerland"]
[BlackTeam "Britain 3"]
[WhiteTeamCountry "SUI"]
[BlackTeamCountry "GBR"]

1. d4 Nf6 2. g3 g6 3. Bg2 d5 4. Nf3 Bg7 5. O-O O-O 6. c4 c5 7. dxc5 dxc4 8. Nc3
Nc6 9. Qa4 e5 10. Qxc4 Be6 11. Qa4 Qe7 12. Bg5 Qxc5 13. Rac1 Qb6 14. Qh4 Nd5
15. Nxd5 Bxd5 16. Be3 Qb4 17. Qxb4 Nxb4 {(=)} 18. a3 Nc6 19. Rc5 Be4 20. b4
Rfe8 21. Rd1 Rad8 22. Rxd8 Rxd8 23. Rc1 b6 24. Ng5 Bxg2 25. Kxg2 Rc8 26. Ne4
Ne7 {(=)} 27. Rd1 Nf5 28. Rd7 Nxe3+ 29. fxe3 a5 30. b5 Bf8 31. a4 h6 32. Rb7
Rc4 33. Nf6+ Kg7 34. Nd5 Rxa4 35. Rxb6 Ra2 36. Kf3 Rb2 37. Rb7 a4 38. Ra7 Rxb5
1/2-1/2

[Event "World Senior Team ch 1st"]
[Site "Port Erin IOM"]
[Date "2004.10.05"]
[Round "1.3"]
[White "Edwards, Raymond B"]
[Black "Mehra, Suman"]
[Result "1-0"]
[WhiteElo "2119"]
[BlackElo "1000"]
[PlyCount "77"]
[EventDate "2004.10.05"]
[EventType "team-swiss"]
[EventRounds "8"]
[EventCountry "ENG"]
[SourceDate "2014.04.29"]
[WhiteTeam "England II"]
[BlackTeam "Black and White Magazine"]
[WhiteTeamCountry "ENG"]
[BlackTeamCountry "IND"]

1. d4 d6 2. e4 Nf6 3. Nc3 e5 4. dxe5 dxe5 5. Qxd8+ Kxd8 6. Bg5 Be7 7. O-O-O+
Bd7 8. Bc4 Rf8 9. f4 Nc6 10. Nf3 h6 11. Bxf6 gxf6 12. f5 Na5 13. Be6 fxe6 14.
fxe6 Bd6 15. exd7 Kxd7 16. Nh4 Nc4 17. Nf5 Rh8 18. Rd3 Rae8 19. Rhd1 Re6 20. b3
Nb6 21. Nb5 Nc8 22. c4 a6 23. Nbxd6 cxd6 24. Rg3 Rh7 25. a4 a5 26. h4 b6 27. h5
Na7 28. Rg6 Nc6 29. Rxh6 Rxh6 30. Nxh6 Nb4 31. Nf5 Na2+ 32. Kb2 Nb4 33. h6 Re8
34. Rxd6+ Kc7 35. Rxf6 Nd3+ 36. Kc3 Nf4 37. Rf7+ Kd8 38. Ra7 Ne6 39. Ra8+ 1-0

[Event "World Senior Team ch 1st"]
[Site "Port Erin IOM"]
[Date "2004.10.05"]
[Round "1.3"]
[White "Kraidman, Yair"]
[Black "Smith, Ivor BN"]
[Result "1-0"]
[WhiteElo "2307"]
[BlackElo "1928"]
[PlyCount "103"]
[EventDate "2004.10.05"]
[EventType "team-swiss"]
[EventRounds "8"]
[EventCountry "ENG"]
[SourceDate "2014.04.29"]
[WhiteTeam "Israel"]
[BlackTeam "Essex"]
[WhiteTeamCountry "ISR"]
[BlackTeamCountry "ENG"]

1. d4 Nf6 2. c4 g6 3. Nc3 Bg7 4. e4 d6 5. f3 O-O 6. Be3 e5 7. Nge2 Nc6 8. d5
Ne7 9. Qd2 Nd7 10. g4 f5 11. gxf5 gxf5 12. O-O-O f4 13. Bf2 a6 14. Kb1 Ng6 15.
Nc1 Bf6 16. h4 h5 17. Bh3 Kh7 18. Rdg1 Rg8 19. Bf5 Ndf8 20. c5 Rg7 21. Nb3 b6
22. c6 Kh6 23. Bxc8 Rxc8 24. Qe1 Ra8 25. a3 Qb8 26. Rg2 Qd8 27. Nd2 Qe7 28. Nc4
Rb8 29. Ne2 Qd8 30. Nc1 Qc8 31. Nd3 Qd8 32. Nb4 Ra8 33. Qg1 a5 34. Nc2 b5 35.
Nd2 Qc8 36. Qf1 Qb8 37. Ka2 Kh7 38. Nb3 a4 39. Nd2 Kh6 40. Nb1 Kh7 41. Nc3 Ra5
42. Be1 Kh6 43. Ne2 Ra8 44. Bf2 Kh7 45. Ng1 Kg8 46. Nh3 Kf7 47. Ng5+ Ke7 48.
Rhg1 Nh8 49. Nb4 Rg8 50. Ne6 Rxg2 51. Qxg2 Nfg6 52. Qh3 1-0

[Event "World Senior Team ch 1st"]
[Site "Port Erin IOM"]
[Date "2004.10.05"]
[Round "1.3"]
[White "Krstic, Slobodan AUS"]
[Black "Klundt, Klaus"]
[Result "0-1"]
[WhiteElo "2049"]
[BlackElo "2358"]
[PlyCount "56"]
[EventDate "2004.10.05"]
[EventType "team-swiss"]
[EventRounds "8"]
[EventCountry "ENG"]
[SourceDate "2014.04.29"]
[WhiteTeam "Australia"]
[BlackTeam "Germany"]
[WhiteTeamCountry "AUS"]
[BlackTeamCountry "GER"]

1. e4 c5 2. d3 Nc6 3. f4 e6 4. c3 d5 5. e5 Nh6 6. Be3 d4 7. Bf2 f6 8. exf6 Qxf6
9. g3 e5 10. fxe5 Nxe5 11. h3 Nf5 12. Nd2 Be7 13. Ne4 Qe6 14. Bg2 Qa6 15. c4
Qa5+ 16. Ke2 O-O 17. Nf3 Qc7 18. Qd2 Nxf3 19. Bxf3 Bd7 20. Raf1 Rae8 21. Kd1
Bc6 22. Rhg1 Nd6 23. Bh1 Nxe4 24. dxe4 Bd6 25. Re1 Qf7 26. Rgf1 Qxc4 27. b3 Qf7
28. Qd3 Qg6 0-1

[Event "World Senior Team ch 1st"]
[Site "Port Erin IOM"]
[Date "2004.10.05"]
[Round "1.3"]
[White "Milner, Edward"]
[Black "Gardi, Giuseppe"]
[Result "0-1"]
[WhiteElo "1416"]
[BlackElo "2081"]
[PlyCount "30"]
[EventDate "2004.10.05"]
[EventType "team-swiss"]
[EventRounds "8"]
[EventCountry "ENG"]
[SourceDate "2014.04.29"]
[WhiteTeam "Chessmann"]
[BlackTeam "Italy"]
[WhiteTeamCountry "IOM"]
[BlackTeamCountry "ITA"]

1. e4 g6 2. d4 Bg7 3. f4 d5 4. e5 Nh6 5. h3 Nf5 6. Ne2 e6 7. g3 c5 8. c3 cxd4
9. cxd4 Nc6 10. h4 Qb6 11. Qb3 Qxb3 12. axb3 Nfxd4 13. Nxd4 Nxd4 14. Bd3 Nxb3
15. Ra3 Nxc1 0-1

[Event "World Senior Team ch 1st"]
[Site "Port Erin IOM"]
[Date "2004.10.05"]
[Round "1.3"]
[White "Rety, John"]
[Black "Bhend, Edwin"]
[Result "1/2-1/2"]
[WhiteElo "2001"]
[BlackElo "2246"]
[PlyCount "67"]
[EventDate "2004.10.05"]
[EventType "team-swiss"]
[EventRounds "8"]
[EventCountry "ENG"]
[SourceDate "2014.04.29"]
[WhiteTeam "Britain 3"]
[BlackTeam "Switzerland"]
[WhiteTeamCountry "GBR"]
[BlackTeamCountry "SUI"]

1. c4 f5 2. g3 g6 3. Bg2 Bg7 4. Nc3 Nf6 5. Nf3 d6 6. d4 O-O 7. O-O c6 8. Qc2
Na6 9. a3 Kh8 10. b4 Nc7 11. Bb2 Qe8 12. Nd1 h6 13. Ne3 Qf7 14. Rfd1 Bd7 15.
Ne5 dxe5 16. dxe5 Rad8 17. exf6 Bxf6 18. Bf3 e5 19. Rac1 Kh7 20. c5 Be6 21.
Rxd8 Rxd8 22. Bg2 Nb5 23. Re1 Nd4 24. Bxd4 Rxd4 25. Bh3 Qd7 26. Nf1 h5 27. e3
Rd3 28. e4 Rxa3 29. exf5 Bxf5 30. Bxf5 Qxf5 31. Qxf5 gxf5 32. Rd1 b6 33. cxb6
axb6 34. Rd6 1/2-1/2

[Event "World Senior Team ch 1st"]
[Site "Port Erin IOM"]
[Date "2004.10.05"]
[Round "1.3"]
[White "Richardson, Keith"]
[Black "Hangelbroek, Pieter"]
[Result "1-0"]
[WhiteElo "2220"]
[BlackElo "1803"]
[PlyCount "89"]
[EventDate "2004.10.05"]
[EventType "team-swiss"]
[EventRounds "8"]
[EventCountry "ENG"]
[SourceDate "2014.04.29"]
[WhiteTeam "England"]
[BlackTeam "South Africa"]
[WhiteTeamCountry "ENG"]
[BlackTeamCountry "RSA"]

1. c4 Nf6 2. Nf3 g6 3. g3 Bg7 4. Bg2 O-O 5. O-O d6 6. d4 Nbd7 7. Nc3 e5 8. e4
c6 9. h3 Qc7 10. Be3 Re8 11. Qc2 b5 12. cxb5 cxb5 13. Rac1 Ba6 14. dxe5 dxe5
15. Rfd1 Rac8 16. a3 h6 17. Qd2 Qb8 18. Bxh6 Nc5 19. Bxg7 Kxg7 20. Qe3 b4 21.
Nd5 Ncxe4 22. Nxb4 Bb7 23. Rxc8 Rxc8 24. Rc1 Rxc1+ 25. Qxc1 Qa8 26. Nxe5 Qb8
27. Nbd3 Qd6 28. Qc4 Bd5 29. Qd4 a5 30. Bxe4 Nxe4 31. Nc4+ Qf6 32. Qxd5 Ng5 33.
Kg2 Kh7 34. Nxa5 Ne6 35. Nc6 Ng5 36. h4 Ne6 37. Qe5 Nf4+ 38. Nxf4 Qxc6+ 39. Qd5
Qe8 40. h5 gxh5 41. Qxh5+ Kg7 42. Qg5+ Kf8 43. Qh6+ Kg8 44. Nh5 Qe4+ 45. Kh2
1-0

[Event "World Senior Team ch 1st"]
[Site "Port Erin IOM"]
[Date "2004.10.05"]
[Round "1.4"]
[White "Corish, Aidan"]
[Black "Stepak, Yedael"]
[Result "0-1"]
[WhiteElo "1864"]
[BlackElo "2302"]
[PlyCount "80"]
[EventDate "2004.10.05"]
[EventType "team-swiss"]
[EventRounds "8"]
[EventCountry "ENG"]
[SourceDate "2014.04.29"]
[WhiteTeam "Essex"]
[BlackTeam "Israel"]
[WhiteTeamCountry "ENG"]
[BlackTeamCountry "ISR"]

1. Nf3 Nf6 2. g3 d5 3. Bg2 c6 4. O-O Bf5 5. d3 h6 6. c4 e6 7. b3 Be7 8. Bb2 O-O
9. Nbd2 Nbd7 10. Ne5 a5 11. a3 Nxe5 12. Bxe5 Qb6 13. Bxf6 Bxf6 14. Rb1 Rfd8 15.
e4 Bh7 16. Qe2 Bc3 17. Rfd1 Qc5 18. a4 Qb4 19. Nf1 Rd7 20. Qc2 Bd4 21. Kh1 Rad8
22. Rbc1 dxe4 23. dxe4 Qc5 24. f4 Kf8 25. Bf3 Ke7 26. Kg2 g5 27. fxg5 hxg5 28.
g4 Be5 29. Rxd7+ Rxd7 30. Rd1 Rxd1 31. Qxd1 Qd4 32. Qc2 Qb2 33. Qxb2 Bxb2 34.
Kf2 Kd6 35. Ke3 Kc5 36. Bd1 Bc1+ 37. Kd3 Bf4 38. h3 Kb4 39. Ne3 Bxe3 40. Kxe3
Kc3 0-1

[Event "World Senior Team ch 1st"]
[Site "Port Erin IOM"]
[Date "2004.10.05"]
[Round "1.4"]
[White "David, Vidya"]
[Black "Williams, Chris"]
[Result "0-1"]
[WhiteElo "800"]
[BlackElo "1968"]
[PlyCount "50"]
[EventDate "2004.10.05"]
[EventType "team-swiss"]
[EventRounds "8"]
[EventCountry "ENG"]
[SourceDate "2014.04.29"]
[WhiteTeam "Black and White Magazine"]
[BlackTeam "England II"]
[WhiteTeamCountry "IND"]
[BlackTeamCountry "ENG"]

1. e4 e6 2. Nf3 d5 3. exd5 exd5 4. b4 Bxb4 5. Be2 Nf6 6. O-O O-O 7. a4 Nc6 8.
Ra2 Re8 9. Bb5 Bd7 10. Rb2 Bd6 11. g3 a6 12. Bxc6 Bxc6 13. Ra2 Qd7 14. d4 Bxa4
15. Rb2 Bb5 16. Nc3 Bxf1 17. Kxf1 b5 18. Nxb5 axb5 19. Bg5 Ne4 20. Qe1 Nxg5 21.
Nxg5 Rxe1+ 22. Kxe1 Qe7+ 23. Kd1 Ra1+ 24. Kd2 Qe1+ 25. Kd3 Rd1# 0-1

[Event "World Senior Team ch 1st"]
[Site "Port Erin IOM"]
[Date "2004.10.05"]
[Round "1.4"]
[White "Fereday, Andrew"]
[Black "Wheeler, John"]
[Result "0-1"]
[WhiteElo "1693"]
[BlackElo "2209"]
[PlyCount "50"]
[EventDate "2004.10.05"]
[EventType "team-swiss"]
[EventRounds "8"]
[EventCountry "ENG"]
[SourceDate "2014.04.29"]
[WhiteTeam "South Africa"]
[BlackTeam "England"]
[WhiteTeamCountry "RSA"]
[BlackTeamCountry "ENG"]

1. e4 e5 2. Nf3 Nf6 3. Nc3 Nc6 4. Bc4 Nxe4 5. Bxf7+ Kxf7 6. Nxe4 Be7 7. d3 h6
8. h3 d5 9. Ng3 Rf8 10. O-O Kg8 11. Qe2 Bd6 12. Bd2 Qf6 13. Nh2 Bd7 14. c3 Rae8
15. Ng4 Qg6 16. Rad1 h5 17. Nxh5 e4 18. d4 Ne7 19. Ng3 Nf5 20. Nh1 Nh4 21. Ng3
Nf3+ 22. gxf3 exf3 23. Qxe8 Rxe8 24. Ne5 Bxe5 25. dxe5 Qh7 0-1

[Event "World Senior Team ch 1st"]
[Site "Port Erin IOM"]
[Date "2004.10.05"]
[Round "1.4"]
[White "Hohler, Peter"]
[Black "Smith, David"]
[Result "1-0"]
[WhiteElo "2248"]
[BlackElo "1728"]
[PlyCount "65"]
[EventDate "2004.10.05"]
[EventType "team-swiss"]
[EventRounds "8"]
[EventCountry "ENG"]
[SourceDate "2014.04.29"]
[WhiteTeam "Switzerland"]
[BlackTeam "Britain 3"]
[WhiteTeamCountry "SUI"]
[BlackTeamCountry "GBR"]

1. c4 f5 2. Nc3 Nf6 3. g3 g6 4. Bg2 Bg7 5. d3 Nc6 6. e4 d6 7. Nge2 e5 8. O-O
O-O 9. Nd5 Nxd5 10. exd5 Ne7 11. Be3 f4 12. gxf4 Nf5 13. fxe5 Nxe3 14. fxe3
Bxe5 15. Rxf8+ Kxf8 16. d4 Bg7 17. Nf4 Kg8 18. Qf3 Qe7 19. Bh3 Bxh3 20. Qxh3
Qg5+ 21. Qg3 Qf5 22. Ne6 Qc2 23. Qf4 Qf5 24. Qxf5 gxf5 25. Rf1 Bh6 26. Rf3 c6
27. b3 cxd5 28. Nc7 dxc4 29. Nxa8 c3 30. Rg3+ Kf7 31. Kf2 c2 32. Rg1 f4 33. Rc1
1-0

[Event "World Senior Team ch 1st"]
[Site "Port Erin IOM"]
[Date "2004.10.05"]
[Round "1.4"]
[White "Malich, Burkhard"]
[Black "Benson, Lachlan"]
[Result "1-0"]
[WhiteElo "2360"]
[BlackElo "1955"]
[PlyCount "79"]
[EventDate "2004.10.05"]
[EventType "team-swiss"]
[EventRounds "8"]
[EventCountry "ENG"]
[SourceDate "2014.04.29"]
[WhiteTeam "Germany"]
[BlackTeam "Australia"]
[WhiteTeamCountry "GER"]
[BlackTeamCountry "AUS"]

1. d4 Nf6 2. Nf3 g6 3. c4 Bg7 4. Nc3 O-O 5. e4 d6 6. Be2 Na6 7. O-O c5 8. d5 e6
9. Bg5 Nc7 10. Nd2 exd5 11. cxd5 h6 12. Bf4 a6 13. a4 Qe7 14. Re1 Nd7 15. Nc4
Ne8 16. Qd2 Kh7 17. a5 Rb8 18. Bf1 Ne5 19. Nxe5 Bxe5 20. Bxe5 Qxe5 21. f4 Qg7
22. e5 b6 23. axb6 Rxb6 24. Ra4 g5 25. e6 fxe6 26. dxe6 gxf4 27. Nd5 Rxb2 28.
Qd3+ Kh8 29. Nxf4 Bb7 30. Ng6+ Kg8 31. Rg4 Qf6 32. Nxf8+ Kxf8 33. Qg3 Ke7 34.
Rf4 Qg5 35. Rf7+ Kd8 36. Qxg5+ hxg5 37. g3 a5 38. Bh3 Bc6 39. Ra7 Nf6 40. Rf1
1-0

[Event "World Senior Team ch 1st"]
[Site "Port Erin IOM"]
[Date "2004.10.05"]
[Round "1.4"]
[White "Pipitone, Antonio"]
[Black "Hooper, Dennis"]
[Result "1-0"]
[WhiteElo "2019"]
[BlackElo "1184"]
[PlyCount "39"]
[EventDate "2004.10.05"]
[EventType "team-swiss"]
[EventRounds "8"]
[EventCountry "ENG"]
[SourceDate "2014.04.29"]
[WhiteTeam "Italy"]
[BlackTeam "Chessmann"]
[WhiteTeamCountry "ITA"]
[BlackTeamCountry "IOM"]

1. e4 e5 2. Nf3 Nc6 3. Bb5 Nf6 4. O-O a6 5. Ba4 Bc5 6. c3 O-O 7. d4 Bd6 8. Bxc6
dxc6 9. dxe5 Nxe4 10. exd6 Nxd6 11. Bf4 Bg4 12. Nbd2 Qf6 13. Bg3 Rac8 14. Qa4
Bh5 15. Rfe1 Rfd8 16. Bh4 Qg6 17. Bxd8 Rxd8 18. Re5 h6 19. Qh4 Rf8 20. Qxh5 1-0

[Event "World Senior Team ch 1st"]
[Site "Port Erin IOM"]
[Date "2004.10.06"]
[Round "2.1"]
[White "Heyns, Anthon"]
[Black "Reuben, Stewart"]
[Result "1-0"]
[WhiteElo "2010"]
[BlackElo "2150"]
[PlyCount "83"]
[EventDate "2004.10.05"]
[EventType "team-swiss"]
[EventRounds "8"]
[EventCountry "ENG"]
[SourceDate "2014.04.29"]
[WhiteTeam "South Africa"]
[BlackTeam "Black and White Magazine"]
[WhiteTeamCountry "RSA"]
[BlackTeamCountry "IND"]

1. d4 Nf6 2. c4 e6 3. Nc3 Bb4 4. e3 O-O 5. Nge2 d5 6. a3 Be7 7. Nf4 dxc4 8.
Bxc4 c5 9. O-O Nc6 10. dxc5 Bxc5 11. b4 Bd6 12. Nh5 Be5 13. Bb2 Ne4 14. Nxe4
Bxb2 15. Ra2 Qh4 16. f4 f5 17. Ng5 Rd8 18. Qe2 Bc3 19. Rc2 Bf6 20. g3 Qg4 21.
Qxg4 fxg4 22. Nxf6+ gxf6 23. Nxe6 Bxe6 24. Bxe6+ Kf8 25. Rfc1 Re8 26. Bxg4 Rxe3
27. Rc3 Rxc3 28. Rxc3 a6 29. Bf5 h6 30. Rd3 Re8 31. Kf2 Re7 32. Rd7 Kf7 33.
Rxe7+ Kxe7 34. Ke3 Kd6 35. g4 a5 36. Be4 axb4 37. axb4 Nxb4 38. Bxb7 Ke6 39. h4
Nc2+ 40. Kd3 Ne1+ 41. Kd2 f5 42. g5 1-0

[Event "World Senior Team ch 1st"]
[Site "Port Erin IOM"]
[Date "2004.10.06"]
[Round "2.1"]
[White "Howson, Jim"]
[Black "Gill, Neville"]
[Result "1/2-1/2"]
[WhiteElo "2000"]
[BlackElo "2046"]
[PlyCount "41"]
[EventDate "2004.10.05"]
[EventType "team-swiss"]
[EventRounds "8"]
[EventCountry "ENG"]
[SourceDate "2014.04.29"]
[WhiteTeam "Essex"]
[BlackTeam "Chessmann"]
[WhiteTeamCountry "ENG"]
[BlackTeamCountry "IOM"]

1. e4 e5 2. Nf3 Nc6 3. Nc3 Nf6 4. d4 exd4 5. Nxd4 Bb4 6. Nxc6 bxc6 7. Bd3 O-O
8. O-O d5 9. exd5 cxd5 10. Qf3 c6 11. Bg5 Be7 12. Rfe1 Re8 13. Re5 Be6 14. h3
h6 15. Bd2 Nd7 16. Re2 Nc5 17. Rae1 Nxd3 18. Qxd3 Qd7 19. Qg3 Bd6 20. Bf4 Bxf4
21. Qxf4 1/2-1/2